000 00286nam a22001337a 4500
008 170616b xxu||||| |||| 00| 0 eng d
020 _a0061330779
041 _aeng
080 _a94(7/8)
100 _a16
101 _aSHH
245 _aSPAIN IN AMERICA
_cGIBSON,CH
942 _2udc
_cBK
999 _c17692
_d17692